[Event "Campeonato de España sub-14 2011"]
[Site "Padron ESP"]
[Date "2011.07.14"]
[Round "5.4"]
[White "Garcia Gracia, Victor Hugo"]
[Black "Garcia-Castany, Musellas Gal.La"]
[Result "1/2-1/2"]
[WhiteElo "1919"]
[BlackElo "1980"]
[PlyCount "168"]
[EventDate "2011.07.12"]
[EventType "swiss"]
[EventRounds "9"]
[EventCountry "ESP"]
[Source "lmi"]
[SourceDate "2011.07.12"]

1. e4 e5 2. Nf3 Nc6 3. Bb5 a6 4. Bxc6 dxc6 5. d4 Bg4 6. dxe5 Qxd1+ 7. Kxd1
O-O-O+ 8. Ke2 f6 9. Be3 fxe5 10. Nbd2 Nf6 11. Rhe1 Bd6 12. Bg5 h6 13. Bxf6 gxf6
14. Kf1 Rd7 15. Nc4 Bc5 16. Rad1 Rg7 17. Rd3 b5 18. Ncd2 Bb6 19. b3 Rhh7 20.
Rd1 Rd7 21. Ke2 Rxd3 22. cxd3 Rd7 23. h3 Be6 24. Nf1 a5 25. Rc1 Kb7 26. Rc2 Bd4
27. Nxd4 Rxd4 28. Nd2 a4 29. Ke3 Kb6 30. f4 axb3 31. axb3 c5 32. fxe5 fxe5 33.
Rc1 Rd7 34. Rf1 Rf7 35. Rf3 Kc6 36. Rg3 Rf6 37. Rf3 Rg6 38. g4 h5 39. gxh5 Rh6
40. h4 Rxh5 41. Rf6 Kd7 42. Nf3 Bg4 43. Rf7+ Kc6 44. Rf6+ Kb7 45. Rg6 Bxf3 46.
Kxf3 Rxh4 47. Rg5 Rh3+ 48. Ke2 Rh2+ 49. Kd1 Rb2 50. Rxe5 Kc6 51. Rg5 Rxb3 52.
Rg6+ Kb7 53. Kc2 Ra3 54. Rg5 Kb6 55. Rg6+ c6 56. e5 Ra2+ 57. Kd1 Ra7 58. Rg4
Re7 59. Re4 Kc7 60. Kd2 Kd7 61. d4 c4 62. Rg4 c5 63. Kc3 Re6 64. Rg7+ Kc6 65.
Rg8 cxd4+ 66. Kxd4 Re7 67. Rg6+ Kc7 68. Kd5 Re8 69. e6 c3 70. Rg3 b4 71. Kc4
Rb8 72. Kb3 Kd6 73. Re3 Ke7 74. Re1 Rb6 75. Rh1 Rb8 76. Re1 Rb7 77. Re2 Rb6 78.
Rh2 Rc6 79. Rc2 Rb6 80. Rh2 Rb8 81. Re2 Rd8 82. Kxb4 Rd2 83. Re1 c2 84. Rc1
Kxe6 1/2-1/2

[Event "Campeonato de España sub-14 2011"]
[Site "Padron ESP"]
[Date "2011.07.14"]
[Round "5.5"]
[White "Martin Prior, Francisco Jose"]
[Black "Martin Perez, Laura"]
[Result "1/2-1/2"]
[WhiteElo "1776"]
[BlackElo "1946"]
[PlyCount "139"]
[EventDate "2011.07.12"]
[EventType "swiss"]
[EventRounds "9"]
[EventCountry "ESP"]
[Source "lmi"]
[SourceDate "2011.07.12"]

1. d4 Nf6 2. c4 c5 3. d5 b5 4. cxb5 a6 5. bxa6 g6 6. Nc3 Bxa6 7. g3 d6 8. Bg2
Bg7 9. Nf3 Nbd7 10. Rb1 O-O 11. O-O Qa5 12. Bd2 Rfb8 13. Qc2 Ng4 14. b3 Nge5
15. Rfd1 Nxf3+ 16. Bxf3 Qc7 17. h3 Ra7 18. e4 Ne5 19. Be2 Bxe2 20. Nxe2 Nf3+
21. Kg2 Nxd2 22. Rxd2 Ra3 23. b4 Qb6 24. Rd3 Rxd3 25. Qxd3 cxb4 26. Rc1 Ra8 27.
Rc2 h6 28. Qc4 Kh7 29. Nc1 Bc3 30. Nd3 Ra7 31. f4 Qa6 32. Qxa6 Rxa6 33. Kf3 Kg7
34. e5 Ra5 35. Ke4 Ra4 36. Ke3 Ra5 37. Ke4 f5+ 38. exf6+ exf6 39. g4 f5+ 40.
gxf5 gxf5+ 41. Kxf5 Rxd5+ 42. Ke4 Rd4+ 43. Ke3 d5 44. a3 Re4+ 45. Kf3 Rd4 46.
Nxb4 Bxb4 47. axb4 Rxb4 48. Rc5 Rb3+ 49. Kg4 h5+ 50. Kg5 Rg3+ 51. Kf5 Rxh3 52.
Rxd5 Rh1 53. Rd7+ Kf8 54. Kf6 Kg8 55. f5 h4 56. Rd8+ Kh7 57. Rd4 h3 58. Kf7 Kh6
59. f6 h2 60. Rd2 Kh5 61. Kf8 Kg4 62. f7 Kh3 63. Rd3+ Kg2 64. Rd6 Rf1 65. Rg6+
Kh3 66. Kg8 h1=Q 67. Rh6+ Kg2 68. Rg6+ Kh2 69. Rh6+ Kg2 70. Rg6+ 1/2-1/2

[Event "Campeonato de España sub-14 2011"]
[Site "Padron ESP"]
[Date "2011.07.14"]
[Round "5.6"]
[White "Navarrete Espi, Samuel"]
[Black "Abal Cores, Lucas"]
[Result "1-0"]
[WhiteElo "2169"]
[BlackElo "1815"]
[PlyCount "49"]
[EventDate "2011.07.12"]
[EventType "swiss"]
[EventRounds "9"]
[EventCountry "ESP"]
[Source "lmi"]
[SourceDate "2011.07.12"]

1. e4 e5 2. Nf3 Nf6 3. d4 Nxe4 4. Bd3 d5 5. dxe5 Nc6 6. O-O Bg4 7. Nc3 Nxc3 8.
bxc3 Be7 9. Re1 O-O 10. Rb1 Na5 11. h3 Bh5 12. g4 Bg6 13. Nd4 c6 14. f4 Bxd3
15. Qxd3 Re8 16. f5 Bc5 17. Qg3 Qc7 18. Bf4 Nc4 19. Kh1 Rad8 20. f6 g6 21. Nf3
Bf8 22. Ng5 Qd7 23. Qh4 h6 24. Nf3 Kh7 25. Bxh6 1-0

[Event "Campeonato de España sub-14 2011"]
[Site "Padron ESP"]
[Date "2011.07.14"]
[Round "5.7"]
[White "Ventura Bolet, Maxim"]
[Black "Montoya Pecurul, Marc"]
[Result "1-0"]
[WhiteElo "1987"]
[BlackElo "1796"]
[PlyCount "133"]
[EventDate "2011.07.12"]
[EventType "swiss"]
[EventRounds "9"]
[EventCountry "ESP"]
[Source "lmi"]
[SourceDate "2011.07.12"]

1. c4 e6 2. Nf3 d5 3. b3 Nf6 4. g3 Be7 5. Bg2 O-O 6. O-O b6 7. Bb2 Bb7 8. d3
Nbd7 9. Nbd2 c5 10. e3 Rc8 11. Qe2 Qc7 12. Rac1 Qb8 13. Rfd1 Rfe8 14. cxd5 exd5
15. d4 Bf8 16. h3 h6 17. Nb1 Ne4 18. Nc3 Ndf6 19. Nxe4 Nxe4 20. Nd2 Nxd2 21.
Rxd2 Red8 22. dxc5 bxc5 23. Rcd1 Qa8 24. Qh5 d4 25. Bxb7 Qxb7 26. exd4 c4 27.
bxc4 Rxc4 28. d5 Bd6 29. Qe2 Qb4 30. Ba3 Qa4 31. Bxd6 Rxd6 32. Rb2 Rc8 33. Rb7
Rc2 34. Qf3 Rf6 35. Rb8+ Kh7 36. Qd3+ g6 37. Rd2 Rxd2 38. Qxd2 Qa3 39. Qd4 Qe7
40. Ra8 a5 41. Ra7 Qd8 42. Rxa5 Qxa5 43. Qxf6 Qxd5 44. Qa1 h5 45. a4 Qa5 46.
Kh2 Qb6 47. Qa2 Kg7 48. a5 Qa6 49. Qb2+ Kh7 50. Qb6 Qe2 51. h4 g5 52. hxg5 h4
53. Qf6 hxg3+ 54. Kxg3 Qd3+ 55. f3 Qc4 56. a6 Qc7+ 57. Kg4 Qc4+ 58. Kh5 Qa2 59.
g6+ fxg6+ 60. Qxg6+ Kh8 61. Qf6+ Kh7 62. Qe7+ Kg8 63. a7 Qh2+ 64. Qh4 Qa2 65.
Qd8+ Kg7 66. a8=Q Qf7+ 67. Kg4 1-0

[Event "Campeonato de España sub-14 2011"]
[Site "Padron ESP"]
[Date "2011.07.14"]
[Round "5.8"]
[White "Suarez Gomez, Julio"]
[Black "Alonso Gorrin, Javier"]
[Result "0-1"]
[WhiteElo "1819"]
[BlackElo "1920"]
[PlyCount "85"]
[EventDate "2011.07.12"]
[EventType "swiss"]
[EventRounds "9"]
[EventCountry "ESP"]
[Source "lmi"]
[SourceDate "2011.07.12"]

1. e4 c5 2. d3 Nc6 3. g3 e6 4. Bg2 g6 5. f4 d6 6. c3 Bg7 7. Nf3 Nge7 8. O-O O-O
9. Be3 b6 10. d4 Ba6 11. Re1 cxd4 12. Nxd4 Nxd4 13. Bxd4 e5 14. Bf2 Qc7 15. Na3
Rad8 16. Qb3 Kh8 17. Rad1 f5 18. Qa4 Qc8 19. exf5 gxf5 20. Nc2 e4 21. Nb4 Bb7
22. Qxa7 b5 23. Bd4 Nc6 24. Bxg7+ Kxg7 25. Nxc6 Qxc6 26. Qd4+ Kg6 27. Re3 d5
28. Qb4 Rf7 29. Bf1 Ba6 30. Rd4 Rdd7 31. a3 h5 32. Be2 Kh6 33. Kf2 h4 34. Qb3
Rg7 35. Qd1 Kh7 36. Qf1 Qh6 37. Qg2 Kg8 38. Bf1 Rg6 39. Ke1 Rdg7 40. Rxd5 hxg3
41. hxg3 Qh5 42. Rd8+ Kh7 43. Qh3 0-1

[Event "Campeonato de España sub-14 2011"]
[Site "Padron ESP"]
[Date "2011.07.14"]
[Round "5.9"]
[White "Jimenez, Peñafiel Gustavo"]
[Black "Pozanco Romasanta, Marc"]
[Result "0-1"]
[WhiteElo "1783"]
[BlackElo "1916"]
[PlyCount "136"]
[EventDate "2011.07.12"]
[EventType "swiss"]
[EventRounds "9"]
[EventCountry "ESP"]
[Source "lmi"]
[SourceDate "2011.07.12"]

1. e4 e6 2. d3 c5 3. Nf3 d5 4. Nbd2 Nc6 5. g3 Nf6 6. Bg2 Be7 7. O-O Qc7 8. Re1
b6 9. e5 Nd7 10. Qe2 g5 11. h3 h5 12. g4 hxg4 13. hxg4 Bb7 14. Nf1 O-O-O 15. c3
Rdg8 16. d4 Rh7 17. Bd2 Rg6 18. Rab1 Qd8 19. b4 c4 20. Ng3 Qg8 21. a4 Bd8 22.
Qe3 Bc7 23. Nh5 Bd8 24. Ng3 Kb8 25. Nh5 Bc8 26. Bc1 f5 27. exf6 Nxf6 28. Nxf6
Bxf6 29. b5 Nd8 30. Ne5 Rgh6 31. Qg3 Rc7 32. Ba3 Bxe5 33. Rxe5 Nf7 34. Ree1 Kb7
35. a5 Bd7 36. a6+ Kc8 37. Bc1 Rg6 38. Bd2 Be8 39. Re2 Nd8 40. Kf1 Qf8 41. Kg1
Rcg7 42. Qe5 Nf7 43. Qe3 Qd6 44. Ree1 Rh7 45. Qf3 Bd7 46. Re3 Rgh6 47. Qg3 Rh8
48. Rf3 Qxg3 49. Rxg3 Rg6 50. f4 Rhg8 51. fxg5 Nxg5 52. Bxg5 Rxg5 53. Bf3 Kc7
54. Kf2 Rh8 55. Rg2 Kd6 56. Kg3 Rg7 57. Rh2 Rxh2 58. Kxh2 e5 59. dxe5+ Kxe5 60.
Rd1 Bxg4 61. Rxd5+ Ke6 62. Be4 Rd7 63. Rxd7 Kxd7 64. Kg3 Be6 65. Bc6+ Kd6 66.
Kf4 Kc5 67. Ke5 Bg4 68. Bb7 Bd7 0-1

[Event "Campeonato de España sub-14 2011"]
[Site "Padron ESP"]
[Date "2011.07.14"]
[Round "5.11"]
[White "Gonzalez Santamartina, Jorge"]
[Black "Lopez Caudevilla, David"]
[Result "1/2-1/2"]
[WhiteElo "1733"]
[BlackElo "1851"]
[PlyCount "61"]
[EventDate "2011.07.12"]
[EventType "swiss"]
[EventRounds "9"]
[EventCountry "ESP"]
[Source "lmi"]
[SourceDate "2011.07.12"]

1. e4 d6 2. d4 Nf6 3. Nc3 g6 4. Nf3 Bg7 5. Bc4 O-O 6. O-O Nc6 7. h3 e5 8. dxe5
Nxe5 9. Nxe5 dxe5 10. Bg5 c6 11. a4 h6 12. Bh4 g5 13. Bg3 Qe7 14. Qe2 h5 15.
Qe3 h4 16. Bh2 Nh5 17. Qf3 Nf4 18. Bxf4 exf4 19. Rad1 Be6 20. Bxe6 fxe6 21. Rd3
Rad8 22. Rfd1 c5 23. Qg4 Rxd3 24. Rxd3 c4 25. Rd1 a6 26. Rd2 Rf7 27. Rd1 Be5
28. Qe2 Qc7 29. Qg4 Qe7 30. Qe2 Qc7 31. Qg4 1/2-1/2

[Event "Campeonato de España sub-14 2011"]
[Site "Padron ESP"]
[Date "2011.07.14"]
[Round "5.12"]
[White "Ananian, Arman"]
[Black "Prado Acebo, Ines"]
[Result "1/2-1/2"]
[WhiteElo "1847"]
[BlackElo "1694"]
[PlyCount "94"]
[EventDate "2011.07.12"]
[EventType "swiss"]
[EventRounds "9"]
[EventCountry "ESP"]
[Source "lmi"]
[SourceDate "2011.07.12"]

1. e4 c5 2. Nf3 e6 3. d4 cxd4 4. Nxd4 a6 5. Be3 Nf6 6. Nc3 Qc7 7. f3 Bb4 8.
Nde2 d5 9. a3 Bxc3+ 10. Nxc3 dxe4 11. fxe4 O-O 12. Bd3 b5 13. O-O Bb7 14. Rxf6
gxf6 15. Bh6 Qc5+ 16. Kh1 Kh8 17. Bxf8 Qxf8 18. Qf3 Nd7 19. Rf1 Qh6 20. Qf2 Rg8
21. Ne2 Qg7 22. Ng3 Qh6 23. Kg1 Qg5 24. c4 Nc5 25. Bc2 Nd7 26. cxb5 axb5 27.
Qd4 Ne5 28. Qf2 Ng4 29. Qf4 Ne3 30. Qxg5 Rxg5 31. Rf2 Rc5 32. Bd3 Kg7 33. Re2
Ng4 34. Nf1 Ne5 35. Bc2 Nc6 36. Rd2 Ne5 37. Re2 Nc6 38. Rd2 Ne5 39. Ne3 h5 40.
Kf2 Rc8 41. h3 Ba8 42. Bd1 Kg6 43. Be2 Rb8 44. Rd4 Nc6 45. Rd2 Ne5 46. Bf3 b4
47. Rd4 Rh8 1/2-1/2

[Event "Campeonato de España sub-14 2011"]
[Site "Padron ESP"]
[Date "2011.07.14"]
[Round "5.13"]
[White "Fernandez, Gil Ruben C"]
[Black "Aguila Hernandez, Eduardo"]
[Result "1-0"]
[WhiteElo "1847"]
[BlackElo "1772"]
[PlyCount "43"]
[EventDate "2011.07.12"]
[EventType "swiss"]
[EventRounds "9"]
[EventCountry "ESP"]
[Source "lmi"]
[SourceDate "2011.07.12"]

1. e4 e5 2. Nf3 Nc6 3. Bb5 a6 4. Ba4 Nf6 5. O-O b5 6. Bb3 Be7 7. Re1 O-O 8. d4
d6 9. c3 exd4 10. Nxd4 Nxd4 11. cxd4 Bb7 12. Bc2 h6 13. Qf3 c5 14. Qg3 Kh8 15.
e5 dxe5 16. dxe5 Ne8 17. Qh3 Qb6 18. e6 Nf6 19. Bxh6 gxh6 20. Qxh6+ Kg8 21. Re3
Qd6 22. Qg5+ 1-0

[Event "Campeonato de España sub-14 2011"]
[Site "Padron ESP"]
[Date "2011.07.14"]
[Round "5.14"]
[White "Rubio Tent, Francisco"]
[Black "Garcia Porlan, Beatriz"]
[Result "1-0"]
[WhiteElo "2063"]
[BlackElo "1692"]
[PlyCount "52"]
[EventDate "2011.07.12"]
[EventType "swiss"]
[EventRounds "9"]
[EventCountry "ESP"]
[Source "lmi"]
[SourceDate "2011.07.12"]

1. e4 e5 2. Nf3 Nc6 3. Bb5 a6 4. Ba4 Nf6 5. Qe2 b5 6. Bb3 Be7 7. O-O d6 8. c3
O-O 9. Rd1 Re8 10. d3 h6 11. Nbd2 Bf8 12. Nf1 Bb7 13. Ng3 Qd7 14. Nf5 Ne7 15.
N3h4 Nxf5 16. Nxf5 d5 17. Be3 Rad8 18. g4 dxe4 19. dxe4 Qc6 20. f3 Nxe4 21.
fxe4 Qxe4 22. Ng3 Qc6 23. Rxd8 Rxd8 24. Rf1 Rd7 25. Qf2 Kh8 26. Bc2 Qe6 1-0

[Event "Campeonato de España sub-14 2011"]
[Site "Padron ESP"]
[Date "2011.07.14"]
[Round "5.15"]
[White "Martin Garcia, Guillermo"]
[Black "Vilanova Olmedo, Ignaci"]
[Result "1/2-1/2"]
[WhiteElo "1955"]
[BlackElo "1762"]
[PlyCount "95"]
[EventDate "2011.07.12"]
[EventType "swiss"]
[EventRounds "9"]
[EventCountry "ESP"]
[Source "lmi"]
[SourceDate "2011.07.12"]

1. e4 c6 2. d4 d5 3. exd5 cxd5 4. Bd3 Qc7 5. Ne2 Bg4 6. f3 Bh5 7. O-O e6 8. Bf4
Bd6 9. Bxd6 Qxd6 10. Nd2 Ne7 11. Nb3 Nbc6 12. c3 Bg6 13. Qd2 O-O-O 14. Nc5 Bxd3
15. Qxd3 g5 16. b4 h5 17. a4 Nf5 18. a5 Rdg8 19. b5 Ne5 20. dxe5 Qxc5+ 21. Nd4
g4 22. f4 g3 23. h3 Kb8 24. Kh1 Nh6 25. a6 b6 26. Nc6+ Ka8 27. Qd4 Qxb5 28. Nb4
Nf5 29. Qd2 Rc8 30. Rfc1 Rc4 31. Rab1 Qc5 32. Nd3 Qe3 33. Qd1 Rhc8 34. Ra1 d4
35. cxd4 Qxd3 36. Qe1 Rxc1 37. Rxc1 Rxc1 38. Qxc1 Ne7 39. Qa1 h4 40. f5 Qxf5
41. Qe1 Qd3 42. Qc1 Qxa6 43. Qd1 Qc4 44. Qf3+ Kb8 45. Qd1 Nf5 46. Qb1 Qxd4 47.
Qxb6+ Kc8 48. Qc7+ 1/2-1/2

[Event "Campeonato de España sub-14 2011"]
[Site "Padron ESP"]
[Date "2011.07.14"]
[Round "5.16"]
[White "Garriga Cazorla, Pere"]
[Black "Kalynovsky, Martin"]
[Result "1-0"]
[WhiteElo "1931"]
[BlackElo "1712"]
[PlyCount "43"]
[EventDate "2011.07.12"]
[EventType "swiss"]
[EventRounds "9"]
[EventCountry "ESP"]
[Source "lmi"]
[SourceDate "2011.07.12"]

1. e4 c5 2. Nf3 Nc6 3. d4 cxd4 4. Nxd4 e5 5. Nb5 a6 6. Nd6+ Bxd6 7. Qxd6 Qf6 8.
Qxf6 Nxf6 9. Nc3 Nb4 10. Kd2 d5 11. a3 d4 12. axb4 dxc3+ 13. Ke3 cxb2 14. Bxb2
O-O 15. f3 Re8 16. Bb5 Bd7 17. Bxd7 Nxd7 18. c4 f6 19. c5 Nb8 20. b5 Nd7 21. c6
bxc6 22. bxc6 1-0

[Event "Campeonato de España sub-14 2011"]
[Site "Padron ESP"]
[Date "2011.07.15"]
[Round "6.1"]
[White "Garrido Piriz, Pablo"]
[Black "Nicolas Zapata, Irene"]
[Result "1-0"]
[WhiteElo "1795"]
[BlackElo "2117"]
[PlyCount "69"]
[EventDate "2011.07.12"]
[EventType "swiss"]
[EventRounds "9"]
[EventCountry "ESP"]
[Source "lmi"]
[SourceDate "2011.07.12"]

1. e4 e6 2. d4 d5 3. e5 c5 4. Nf3 Nc6 5. Bd3 cxd4 6. O-O Nge7 7. Nbd2 Qc7 8.
Re1 Ng6 9. Qe2 Nf4 10. Qf1 Nxd3 11. cxd3 Qb6 12. a3 Be7 13. b3 O-O 14. Bb2 f6
15. Rab1 Bd7 16. b4 fxe5 17. b5 Qxb5 18. Bxd4 Qa6 19. Bxe5 Nxe5 20. Nxe5 Bb5
21. Ndf3 Rf4 22. Rec1 Bxa3 23. Rc7 Bd6 24. Qc1 Bxc7 25. Qxf4 Rf8 26. Qe3 Bxe5
27. Nxe5 Qa2 28. Rc1 Qa3 29. Rc7 Qa1+ 30. Rc1 Qa5 31. h3 a6 32. Nf3 Re8 33. Qe5
Bc6 34. Qh5 Qc7 35. Qxe8+ 1-0

[Event "Campeonato de España sub-14 2011"]
[Site "Padron ESP"]
[Date "2011.07.15"]
[Round "6.2"]
[White "Garcia-Castany, Musellas Gal.La"]
[Black "Perez Barreto, Adrian"]
[Result "1/2-1/2"]
[WhiteElo "1980"]
[BlackElo "1934"]
[PlyCount "79"]
[EventDate "2011.07.12"]
[EventType "swiss"]
[EventRounds "9"]
[EventCountry "ESP"]
[Source "lmi"]
[SourceDate "2011.07.12"]

1. e4 c5 2. Nf3 e6 3. d4 cxd4 4. Nxd4 a6 5. Be2 Nf6 6. Nc3 Qc7 7. O-O Nc6 8.
Be3 Bb4 9. Nxc6 bxc6 10. Qd4 Be7 11. f4 O-O 12. b4 d6 13. Bf3 Nd7 14. Rab1 Bb7
15. Rfd1 Rfd8 16. Na4 Rab8 17. Qc4 c5 18. bxc5 Nxc5 19. e5 d5 20. Qc3 Rdc8 21.
Bxc5 Bxc5+ 22. Qxc5 Qxc5+ 23. Nxc5 Rxc5 24. Be2 Rcc8 25. Rxb7 Rxb7 26. Bxa6
Rbc7 27. Bxc8 Rxc8 28. Rb1 g5 29. fxg5 Rxc2 30. Ra1 d4 31. a4 d3 32. Rd1 d2 33.
Kf2 Ra2 34. h3 Kg7 35. Ke3 Kg6 36. Rxd2 Rxa4 37. Rf2 Ra3+ 38. Kf4 Ra4+ 39. Ke3
Ra3+ 40. Kd4 1/2-1/2

[Event "Campeonato de España sub-14 2011"]
[Site "Padron ESP"]
[Date "2011.07.15"]
[Round "6.3"]
[White "Pozanco Romasanta, Marc"]
[Black "Navarrete Espi, Samuel"]
[Result "0-1"]
[WhiteElo "1916"]
[BlackElo "2169"]
[PlyCount "54"]
[EventDate "2011.07.12"]
[EventType "swiss"]
[EventRounds "9"]
[EventCountry "ESP"]
[Source "lmi"]
[SourceDate "2011.07.12"]

1. d4 Nf6 2. c4 g6 3. Nc3 Bg7 4. e4 d6 5. Nf3 O-O 6. Be2 e5 7. O-O exd4 8. Nxd4
Re8 9. f3 c6 10. Nc2 Na6 11. Rb1 Be6 12. Be3 Nc7 13. Bd4 d5 14. exd5 cxd5 15.
c5 Bf5 16. Bd3 Bxd3 17. Qxd3 Ne6 18. b4 Nf4 19. Qd1 N6h5 20. Rf2 Qg5 21. Kh1
Qh4 22. Rb2 Be5 23. h3 Qg3 24. Ne3 Nd3 25. Ng4 Bxd4 26. Qxd3 Re1+ 27. Rf1 Rxf1+
0-1

[Event "Campeonato de España sub-14 2011"]
[Site "Padron ESP"]
[Date "2011.07.15"]
[Round "6.4"]
[White "Fernandez, Gil Ruben C"]
[Black "Ventura Bolet, Maxim"]
[Result "0-1"]
[WhiteElo "1847"]
[BlackElo "1987"]
[PlyCount "62"]
[EventDate "2011.07.12"]
[EventType "swiss"]
[EventRounds "9"]
[EventCountry "ESP"]
[Source "lmi"]
[SourceDate "2011.07.12"]

1. e4 c5 2. Nf3 e6 3. d4 cxd4 4. Nxd4 a6 5. Bd3 g6 6. Nc3 Bg7 7. Be3 d6 8. Qd2
Nd7 9. h4 h6 10. f3 Nc5 11. Be2 Nf6 12. g4 h5 13. Bg5 hxg4 14. fxg4 Nfxe4 15.
Nxe4 Nxe4 16. Bxd8 Nxd2 17. Bb6 Ne4 18. c3 Ng3 19. Rh2 e5 20. Nb3 Nxe2 21. Kxe2
Bxg4+ 22. Kf2 Bh6 23. Na5 Kd7 24. Re1 Rae8 25. Re4 f5 26. Rc4 Rc8 27. Rb4 Bf8
28. c4 d5 29. Rb3 dxc4 30. Rc3 Bb4 31. Rxc4 Bxa5 0-1

[Event "Campeonato de España sub-14 2011"]
[Site "Padron ESP"]
[Date "2011.07.15"]
[Round "6.5"]
[White "Martin Perez, Laura"]
[Black "Garcia Gracia, Victor Hugo"]
[Result "1-0"]
[WhiteElo "1946"]
[BlackElo "1919"]
[PlyCount "117"]
[EventDate "2011.07.12"]
[EventType "swiss"]
[EventRounds "9"]
[EventCountry "ESP"]
[Source "lmi"]
[SourceDate "2011.07.12"]

1. e4 e6 2. d4 d5 3. Bd3 Nf6 4. e5 Nfd7 5. c3 c5 6. Nf3 Nc6 7. O-O Qb6 8. dxc5
Nxc5 9. Bc2 Qc7 10. Re1 Be7 11. Bf4 b6 12. b4 Nd7 13. Qe2 Bb7 14. Nbd2 Nxb4 15.
cxb4 Qxc2 16. Rec1 Qa4 17. a3 Ba6 18. Qe3 O-O 19. Nd4 Rfc8 20. N2f3 Rc4 21. Nd2
Rxc1+ 22. Rxc1 Rc8 23. N2f3 Nf8 24. h4 Bc4 25. h5 h6 26. Nd2 b5 27. Qg3 Kh7 28.
Qf3 Nd7 29. Re1 Kg8 30. Qg3 Kh7 31. Nxe6 Bf8 32. Nd4 Re8 33. e6 Nf6 34. Qh3
fxe6 35. Rxe6 Rxe6 36. Nxe6 Be7 37. Kh2 Qd1 38. Qf5+ Kg8 39. Nxc4 bxc4 40. f3
Qe1 41. Bg3 Qd2 42. Qg6 Bf8 43. Nxf8 Kxf8 44. Bd6+ Kg8 45. Be5 Qg5 46. Qxg5
hxg5 47. g4 Nd7 48. Bd4 a6 49. Kg2 Nf8 50. Kf2 Ne6 51. Be5 d4 52. Ke2 Kf7 53.
a4 Ke7 54. b5 axb5 55. axb5 Kd7 56. Bxg7 Ke7 57. Be5 c3 58. Kd3 Nc5+ 59. Kc2
1-0

[Event "Campeonato de España sub-14 2011"]
[Site "Padron ESP"]
[Date "2011.07.15"]
[Round "6.6"]
[White "Alonso Gorrin, Javier"]
[Black "Martin Prior, Francisco Jose"]
[Result "1/2-1/2"]
[WhiteElo "1920"]
[BlackElo "1776"]
[PlyCount "126"]
[EventDate "2011.07.12"]
[EventType "swiss"]
[EventRounds "9"]
[EventCountry "ESP"]
[Source "lmi"]
[SourceDate "2011.07.12"]

1. e4 c5 2. Nf3 Nc6 3. d4 cxd4 4. Nxd4 g6 5. Nc3 Bg7 6. Be3 Nf6 7. Bc4 O-O 8.
Bb3 a5 9. f3 d5 10. Nxc6 bxc6 11. e5 Nd7 12. f4 Bh6 13. Qd2 Nxe5 14. fxe5 Bxe3
15. Qxe3 d4 16. Qf3 dxc3 17. Qxc3 Bf5 18. O-O e6 19. a4 Qb6+ 20. Kh1 Rad8 21.
Rf4 c5 22. Re1 Rd4 23. Rxd4 cxd4 24. Qf3 Qb4 25. Rf1 d3 26. Qd1 Rb8 27. h3 Qe4
28. cxd3 Qxd3 29. Rf3 Qxd1+ 30. Bxd1 Rxb2 31. Rb3 Rxb3 32. Bxb3 Be4 33. Kg1 Bd5
34. Bc2 Kg7 35. Kf2 f6 36. exf6+ Kxf6 37. g3 h6 38. Ke3 Bg2 39. h4 g5 40. Bd3
Ke5 41. hxg5 hxg5 42. Bb5 Bd5 43. Bd3 Bb3 44. Bb5 Kf5 45. Bd7 Kg4 46. Kf2 Kh3
47. Bb5 e5 48. Bd7+ g4 49. Bb5 Kh2 50. Bc6 Bd1 51. Bb5 Bb3 52. Bc6 Be6 53. Be4
Bd7 54. Bc2 Bc6 55. Bd1 Kh3 56. Bc2 e4 57. Bd1 Ba8 58. Be2 Bb7 59. Bf1+ Kh2 60.
Be2 Bc6 61. Bd1 Bd7 62. Ke3 Kxg3 63. Bxg4 Kxg4 1/2-1/2

[Event "Campeonato de España sub-14 2011"]
[Site "Padron ESP"]
[Date "2011.07.15"]
[Round "6.7"]
[White "Garriga Cazorla, Pere"]
[Black "Gonzalez Fernandez, Pedro"]
[Result "1-0"]
[WhiteElo "1931"]
[BlackElo "1783"]
[PlyCount "23"]
[EventDate "2011.07.12"]
[EventType "swiss"]
[EventRounds "9"]
[EventCountry "ESP"]
[Source "lmi"]
[SourceDate "2011.07.12"]

1. Nf3 Nf6 2. g3 g6 3. Bg2 Bg7 4. O-O O-O 5. d4 d5 6. c4 Nc6 7. Nc3 Re8 8. Bf4
dxc4 9. Qa4 Nd5 10. Nxd5 Qxd5 11. Ne5 Qxd4 12. Nxc6 1-0

[Event "Campeonato de España sub-14 2011"]
[Site "Padron ESP"]
[Date "2011.07.15"]
[Round "6.8"]
[White "Prado Acebo, Ines"]
[Black "Rubio Tent, Francisco"]
[Result "0-1"]
[WhiteElo "1694"]
[BlackElo "2063"]
[PlyCount "64"]
[EventDate "2011.07.12"]
[EventType "swiss"]
[EventRounds "9"]
[EventCountry "ESP"]
[Source "lmi"]
[SourceDate "2011.07.12"]

1. d4 c5 2. d5 Nf6 3. c4 b5 4. f3 bxc4 5. e4 d6 6. Bxc4 g6 7. Ne2 Bg7 8. O-O
O-O 9. a4 Ba6 10. Na3 Qb6 11. Qc2 Nfd7 12. Bb5 Bxb5 13. Nxb5 Na6 14. Be3 Nc7
15. Nxc7 Qxc7 16. Bd4 Qb6 17. Bxg7 Kxg7 18. a5 Qb5 19. Nc3 Qb7 20. f4 Rab8 21.
Ra2 Qb3 22. Qf2 Nf6 23. Qf3 Qc4 24. Rf2 Rb3 25. Re2 Rfb8 26. e5 Nxd5 27. Qxd5
Rxc3 28. Qxc4 Rxc4 29. exd6 exd6 30. Re7 Rc1+ 31. Kf2 Rc2+ 32. Kf3 c4 0-1

[Event "Campeonato de España sub-14 2011"]
[Site "Padron ESP"]
[Date "2011.07.15"]
[Round "6.9"]
[White "Portela Peleteiro, Alberto"]
[Black "Cervello Tost, Ferran"]
[Result "1-0"]
[WhiteElo "1681"]
[BlackElo "1880"]
[PlyCount "23"]
[EventDate "2011.07.12"]
[EventType "swiss"]
[EventRounds "9"]
[EventCountry "ESP"]
[Source "lmi"]
[SourceDate "2011.07.12"]

1. e4 e5 2. Nf3 Nc6 3. Bb5 Nge7 4. Nc3 g6 5. d4 exd4 6. Nd5 Nxd5 7. exd5 Qe7+
8. Kf1 Ne5 9. Qxd4 Nxf3 10. gxf3 Rg8 11. Bf4 c5 12. Qd2 1-0

[Event "Campeonato de España sub-14 2011"]
[Site "Padron ESP"]
[Date "2011.07.15"]
[Round "6.10"]
[White "Lopez Caudevilla, David"]
[Black "Ananian, Arman"]
[Result "1-0"]
[WhiteElo "1851"]
[BlackElo "1847"]
[PlyCount "53"]
[EventDate "2011.07.12"]
[EventType "swiss"]
[EventRounds "9"]
[EventCountry "ESP"]
[Source "lmi"]
[SourceDate "2011.07.12"]

1. e4 c5 2. Nc3 e6 3. g3 Nf6 4. Bg2 d6 5. d3 Nc6 6. f4 Be7 7. Nf3 a6 8. O-O O-O
9. h3 Re8 10. g4 Qc7 11. Ne2 Rb8 12. f5 Bf8 13. Nf4 Nd7 14. g5 Nde5 15. c3 exf5
16. Nd5 Qd7 17. Nxe5 dxe5 18. exf5 Ne7 19. Nxe7+ Qxe7 20. Bd5 Qd6 21. c4 Re7
22. Qf3 g6 23. fxg6 hxg6 24. Bxf7+ Kh7 25. Bg8+ Kxg8 26. Qxf8+ Kh7 27. Qh6+ 1-0

[Event "Campeonato de España sub-14 2011"]
[Site "Padron ESP"]
[Date "2011.07.15"]
[Round "6.11"]
[White "Ligero Martinez, Jesus"]
[Black "Gonzalez Santamartina, Jorge"]
[Result "1-0"]
[WhiteElo "1801"]
[BlackElo "1733"]
[PlyCount "63"]
[EventDate "2011.07.12"]
[EventType "swiss"]
[EventRounds "9"]
[EventCountry "ESP"]
[Source "lmi"]
[SourceDate "2011.07.12"]

1. e4 e5 2. Nf3 Nc6 3. Bc4 Bc5 4. d3 Nf6 5. Nc3 h6 6. Be3 Bb6 7. Qd2 d6 8.
O-O-O Be6 9. Bxe6 fxe6 10. Bxb6 axb6 11. d4 exd4 12. Nxd4 Nxd4 13. Qxd4 e5 14.
Qc4 Qd7 15. Nb5 Rc8 16. f4 exf4 17. e5 Ng4 18. Rhe1 d5 19. Rxd5 Qc6 20. Qd3 O-O
21. Na7 Qa4 22. Nxc8 Rxc8 23. Rd8+ Rxd8 24. Qxd8+ Kh7 25. e6 Qa5 26. Qd3+ Kg8
27. Qd2 Qxa2 28. Qd8+ Kh7 29. Qd3+ Kg8 30. e7 Qa1+ 31. Kd2 Qa5+ 32. c3 1-0